000 01261nam a22003737a 4500
003 AR-RoUNA
005 20250918181815.0
008 250918b |||||||| |||| 00| 0 spa d
020 _a9871262051
040 _aAR-RoUNA
_bspa
_dAR-RoUNA
041 _aspa
_hspa
044 _aag
100 1 _aPiazza, Jorge
_95753
245 1 3 _aEl diseño como negocio :
_bun analisis conciso de la problematica de emprender la profesion del diseño, vista como un negocio /
_cJorge Piazza
260 _aBuenos Aires :
_bCommTools,
_c2006
300 _a62 p.
_c22x13 cm
490 _aBiblioteca CommTools. Diseño y produccion
505 0 _tINDICE
505 0 _tPanorama actual del diseño /p.9
505 0 _tEl diseño como hecho comercial /p.19
505 0 _tLa empresa de diseño /p.25
505 0 _tLa especializacion como solucion /p.29
505 0 _tEl estudio especializado /p.37
505 0 _tDe la teoria a la practica /p.45
505 0 _tUna herramienta para la estrategia /p.55
505 0 _tEl diseño como negocio /p.59
650 4 _aDiseño grafico
650 4 _aDiseño
_xEmpresas
908 _aImp
930 _e12244
942 _2ddc
_cLIB
945 _aMIA
_d2025-09-18
980 _61
_aMaricel Allasia
_81
_gMaricel Allasia
999 _c12125
_d12125